| 000 | 00581nam a22001817a 4500 | ||
|---|---|---|---|
| 003 | OSt | ||
| 005 | 20260115064152.0 | ||
| 008 | 260115b |||||||| |||| 00| 0 eng d | ||
| 020 | _a971-086140-9 | ||
| 040 |
_aDWC-Main Lib. _cOC |
||
| 082 | _aFil. 657.45 H224a 2001 | ||
| 100 | _aHarina, Richardo M. | ||
| 245 |
_aAuditing problems: _bcomprehensive daily review and self-test for CPA reviewees/ _cRichardo M. Harina |
||
| 260 |
_aMandaluyong City : _bNational Book Store, _cc2001. |
||
| 300 |
_a166 p. ; _c25 cm. |
||
| 650 | _a1. Auditing. | ||
| 942 |
_2ddc _cBK - FIL _hFil. _n0 |
||
| 999 |
_c7442 _d7442 |
||